Tragedy of Hyderabad (Record no. 71015)

000 -LEADER
fixed length control field 00411nam a22001697a 4500
003 - CONTROL NUMBER IDENTIFIER
control field NUST - PNEC
005 - DATE AND TIME OF LATEST TRANSACTION
control field 20170116181152.0
008 - FIXED-LENGTH DATA ELEMENTS--GENERAL INFORMATION
fixed length control field 151205b xxu||||| |||| 00| 0 eng d
020 ## - INTERNATIONAL STANDARD BOOK NUMBER
International Standard Book Number -
040 ## - CATALOGING SOURCE
Transcribing agency LIBRARY
082 ## - DEWEY DECIMAL CLASSIFICATION NUMBER
Classification number 485 LAI
100 ## - MAIN ENTRY--PERSONAL NAME
9 (RLIN) 15553
Personal name mir laik ali
245 ## - TITLE STATEMENT
Title Tragedy of Hyderabad
Statement of responsibility, etc. Ali mir laik
260 ## - PUBLICATION, DISTRIBUTION, ETC.
Date of publication, distribution, etc. c1962.
650 ## - SUBJECT ADDED ENTRY--TOPICAL TERM
9 (RLIN) 15554
Topical term or geographic name entry element India--Hyderabad
General subdivision General
942 ## - ADDED ENTRY ELEMENTS (KOHA)
Source of classification or shelving scheme
Koha item type Book
Holdings
Withdrawn status Lost status Source of classification or shelving scheme Damaged status Not for loan Permanent Location Current Location Shelving location Date acquired Total Checkouts Full call number Barcode Date last seen Price effective from Koha item type Source of acquisition
          NUST Law School (NLS) NUST Law School (NLS)   02/17/2026   485 LAI NLSD-548 02/17/2026 02/17/2026 Book Donated by Mr. Salahuddin Khan Advocate Supreme Court of Pakistan
          Pakistan Navy Engineering College (PNEC) Pakistan Navy Engineering College (PNEC)       485 LAI PNECLIB-002048 12/05/2015   Book  
          Pakistan Navy Engineering College (PNEC) Pakistan Navy Engineering College (PNEC)   01/12/2016   485 LAI PNECLIB-002047 01/12/2016   Book  
© 2023 Central Library, National University of Sciences and Technology. All Rights Reserved.